Catálogo
 En Linea

Estado del conocimiento sobre la mortalidad materna en la República Dominicana / (Registro nro. 31339)

Detalles MARC
000 -CABECERA
campo de control de longitud fija 00650nam a2200169 a 4500
001 - NÚMERO DE CONTROL
campo de control 000031847
005 - FECHA Y HORA DE LA ÚLTIMA TRANSACCIÓN
campo de control 20240304144221.0
008 - DATOS DE LONGITUD FIJA--INFORMACIÓN GENERAL
campo de control de longitud fija 110706s1995 dr 000 0 spa d
040 ## - FUENTE DE LA CATALOGACIÓN
Centro catalogador/agencia de origen DO-SdBNP
Lengua de catalogación spa
Centro/agencia transcriptor BNPHU
100 1# - ENTRADA PRINCIPAL--NOMBRE DE PERSONA
Nombre de persona Cáceres Ureña, Francisco I.
9 (RLIN) 7695
245 10 - MENCIÓN DE TÍTULO
Título Estado del conocimiento sobre la mortalidad materna en la República Dominicana /
Mención de responsabilidad, etc. Francisco Cáceres Ureña.
260 ## - PUBLICACIÓN, DISTRIBUCIÓN, ETC.
Lugar de publicación, distribución, etc. Santo Domingo, :
Nombre del editor, distribuidor, etc. Instituto de Estudios de Población y Desarrollo
-- Fondo de población de las naciones unidas,
Fecha de publicación, distribución, etc. 1995.
300 ## - DESCRIPCIÓN FÍSICA
Extensión 58 p. ;
Dimensiones 29 cm.
490 1# - MENCIÓN DE SERIE
Mención de serie Monográfica
Designación de volumen o secuencia 07
500 ## - NOTA GENERAL
Nota general Texto a dos columnas
830 #0 - PUNTO DE ACCESO ADICIONAL DE SERIE-TÍTULO UNIFORME
Título uniforme Monográfica
Designación de volumen o secuencia 07
9 (RLIN) 8347
Existencias
Estado de retiro Estado de pérdida No para préstamo Código de colección Localización permanente Ubicación/localización actual Ubicación en estantería Fecha de adquisición Número de inventario Total de préstamos Signatura topográfica completa Código de barras Fecha visto por última vez Precio válido a partir de Tipo de ítem Koha
    Excluido de préstamo Patrimonio Dominicano Patrimonio Dominicano Patrimonio Dominicano Depósito 06.07.2011 LF1   31847-10 25.06.2020 25.06.2020 Libro y Folleto Colección Patrimonio Dominicano

Con tecnología Koha